000 00652nam a2200229Ia 4500
003 OSt
005 20220925221935.0
006 a|||||r|||| 00| 0
007 ta
008 220923b |||||||| |||| 00| 0 eng d
037 _cGeneral Book
040 _aRTL
_cRTL
_beng
041 _2eng
_aeng
082 _aY:1.6.N7, L2
100 _aMaquet Jacques
_9136642
245 0 _aAfricanity
_b The cultural unity of black Africa
260 _aLondon
_bOxford University Press
_c1972
300 _a188p
_ccm.
500 _aBibliography : P 175-177
942 _hY:1.6.N7, L2
_cGB
_2CC
999 _c575693
_d575693